00505nam a2200181 a 4500001001300000003000900013005001700022008004100039020002300080082001600103100002000119245006400139260004100203300000900244500003500253505001000288650002500298nice12345678IN_TiNIC20260116015010.0050524s1991 cana grp 000 0 eng  a0865718 c10000a303.61bMCM aMcmanus, Philip aRelentless Persistence, Non-Violent Action in Latin America aCanadabNew Society Publishersc1991 a312p aincludes index and biblioraphy2 aIndex aNon-Violence-America